000 00609nam a22002057a 4500
005 20251108172514.0
008 250721s9999 xx 000 0 ara d
082 1 4 _a346.05سلي
100 1 _aسليم، عصام أنور
245 1 0 _aإعتبار الوارث من الغير إستثناء /
264 1 _aالإسكندرية :
_bمنشأة المعارف،
300 _a154ص
650 1 7 _aالقانون
650 1 7 _aأرث
650 1 7 _aالميراث
650 1 7 _aحقوق الملكية
653 _aقانون التركات و الوصاية
942 _2ddc
_cBK
999 _c81096
_d81096